000 00465nam a2200193Ia 4500
005 20240823020914.0
008 240823s9999||||xx |||||||||||||| ||und||
020 _a81-87721-08-1
041 _aENGLISH
082 _A629.8312 P5
100 _aBhaskar S
245 0 _aInstrumentation Control System
250 _a1st
260 _c2005
_b"Anuradha Agencies,Kumba"
500 _aYES
650 _aInstrument
_bInstrumentation
942 _cBK
999 _c175833
_d175833